[Event "Magistral Internacional a Ciegas 2009"]
[Site "Cordoba"]
[Date "2009.09.23"]
[Round "1.1"]
[White "Lopez, Jose Luis"]
[Black "Rodriguez Vila, Andres"]
[Result "0-1"]
[WhiteElo "1763"]
[BlackElo "2527"]
[PlyCount "56"]

1. b3 d6 2. Bb2 e5 3. e3 Nc6 4. Nf3 Nf6 5. d4 e4 6. Nfd2 Qe7 7. c4 Bf5 8. a3 g6
9. Nc3 h5 10. Be2 Bh6 11. b4 O-O 12. O-O Rfe8 13. h3 h4 14. Nb3 Qd7 15. Re1 g5
16. d5 Ne5 17. Nd4 g4 18. Nxf5 Qxf5 19. hxg4 Nfxg4 20. Bxg4 Nxg4 21. Qe2 h3 22.
gxh3 Ne5 23. Kg2 Kh7 24. Rh1 Rg8+ 25. Kf1 Nf3 26. Qc2 Rae8 27. Ke2 Nd4+ 28.
exd4 Qf3+ 0-1

[Event "Magistral Internacional a Ciegas 2009"]
[Site "Cordoba"]
[Date "2009.09.23"]
[Round "1.2"]
[White "Felgaer, Ruben"]
[Black "Zambrana, Oswaldo"]
[Result "1-0"]
[WhiteElo "2573"]
[BlackElo "2481"]
[PlyCount "71"]

1. e4 c5 2. Nc3 Nc6 3. Nge2 Nf6 4. g3 g6 5. d4 cxd4 6. Nxd4 Bg7 7. Nde2 O-O 8.
Bg2 Rb8 9. a4 d6 10. O-O Bd7 11. h3 Nb4 12. Be3 a5 13. Qd2 Rc8 14. Rac1 Bc6 15.
Rfd1 Nd7 16. Nd4 f5 17. Ne6 Qe8 18. Nxg7 Kxg7 19. Bh6+ Kg8 20. Bxf8 Qxf8 21.
exf5 Qxf5 22. Nd5 Nxd5 23. Bxd5+ Kg7 24. Qd4+ e5 25. Qg4 Nf6 26. Qxf5 gxf5 27.
Be6 Rd8 28. Bxf5 b6 29. b3 d5 30. Re1 Re8 31. Rcd1 Re7 32. c4 dxc4 33. Rd6 Rc7
34. bxc4 e4 35. Rb1 Ne8 36. Rxc6 1-0

[Event "Magistral Internacional a Ciegas 2009"]
[Site "Cordoba"]
[Date "2009.09.23"]
[Round "1.3"]
[White "Rodriguez Guerrero, Enrique"]
[Black "Soppe, Guillermo"]
[Result "1/2-1/2"]
[WhiteElo "2468"]
[BlackElo "2434"]
[PlyCount "82"]
[EventDate "2009.??.??"]

1. e4 c6 2. d4 d5 3. Nc3 dxe4 4. Nxe4 Bf5 5. Ng3 Bg6 6. h4 h6 7. Nf3 Nd7 8. h5
Bh7 9. Bd3 Bxd3 10. Qxd3 Ngf6 11. Bd2 e6 12. O-O-O Be7 13. Ne2 Qc7 14. Bf4 Bd6
15. g3 O-O 16. Bxd6 Qxd6 17. Nf4 Rfe8 18. Qe2 Rac8 19. Nd3 c5 20. Nde5 cxd4 21.
Rxd4 Qc7 22. g4 Nxe5 23. Nxe5 Red8 24. Rhd1 Rxd4 25. Rxd4 Rd8 26. Qc4 Qb6 27.
Rxd8+ Qxd8 28. a3 a6 29. c3 Nd5 30. Qd4 Qb6 31. Qxb6 Nxb6 32. Kc2 f6 33. Nd3
Nd7 34. c4 Kf7 35. Kc3 g6 36. Kd4 gxh5 37. gxh5 Ke7 38. b4 e5+ 39. Kd5 Nb6+ 40.
Kc5 Nd7+ 41. Kd5 Nb6+ 1/2-1/2

[Event "Magistral Internacional a Ciegas 2009"]
[Site "Cordoba"]
[Date "2009.09.23"]
[Round "2.1"]
[White "Lariño Nieto, David"]
[Black "Lopez, Jose Luis"]
[Result "1-0"]
[WhiteElo "2473"]
[BlackElo "1763"]
[PlyCount "69"]
[EventDate "2009.??.??"]

1. e4 d5 2. exd5 Qxd5 3. Nc3 Qa5 4. Nf3 Nf6 5. d4 c6 6. Bd2 Bf5 7. Bc4 e6 8.
Nd5 Qd8 9. Nxf6+ gxf6 10. Bc3 Nd7 11. Nh4 Bg6 12. Bb3 Qc7 13. Qe2 O-O-O 14. a4
Bd6 15. a5 a6 16. O-O-O Rhe8 17. Nxg6 hxg6 18. Kb1 c5 19. h4 cxd4 20. Rxd4 Ne5
21. Ba4 Bc5 22. Rf4 g5 23. Bxe5 fxe5 24. Rc4 Rh8 25. b4 Rd4 26. bxc5 Rhxh4 27.
Rxh4 gxh4 28. Rxd4 exd4 29. Qh5 Qxa5 30. Qh8+ Qd8 31. Qh7 Qf6 32. Qg8+ Kc7 33.
Qe8 e5 34. Qd7+ Kb8 35. c6 1-0

[Event "Magistral Internacional a Ciegas 2009"]
[Site "Cordoba"]
[Date "2009.09.23"]
[Round "2.2"]
[White "Zambrana, Oswaldo"]
[Black "Rodriguez Guerrero, Enrique"]
[Result "1-0"]
[WhiteElo "2481"]
[BlackElo "2468"]
[PlyCount "89"]
[EventDate "2009.??.??"]

1. e4 c5 2. Nf3 e6 3. d4 cxd4 4. Nxd4 Nc6 5. Nc3 Qc7 6. Be3 a6 7. Qd2 Nf6 8.
O-O-O Bb4 9. f3 Ne5 10. Nb3 b5 11. Qf2 Be7 12. Bb6 Qb8 13. Bd4 d6 14. g4 O-O
15. g5 Nfd7 16. Rg1 Nc6 17. f4 b4 18. Na4 e5 19. Be3 exf4 20. Bxf4 Ra7 21. h4
Nde5 22. Be2 a5 23. Kb1 Be6 24. Be3 Rb7 25. Nd4 Nxd4 26. Bxd4 Qc7 27. b3 Qc6
28. Qe3 Bc4 29. Bxe5 Bxe2 30. Qxe2 dxe5 31. Rd5 Rc8 32. Rgd1 Qc7 33. R1d2 Bf8
34. Qa6 g6 35. Rd7 Qxd7 36. Rxd7 Rxd7 37. Qxc8 Rd4 38. Nc5 Kg7 39. Nd7 Be7 40.
Qe8 Bd6 41. Nxe5 Rd1+ 42. Kb2 Bc5 43. Qxf7+ Kh8 44. Nc6 Rf1 45. Qxf1 1-0

[Event "Magistral Internacional a Ciegas 2009"]
[Site "Cordoba"]
[Date "2009.09.23"]
[Round "2.3"]
[White "Rodriguez Vila, Andres"]
[Black "Felgaer, Ruben"]
[Result "0-1"]
[WhiteElo "2527"]
[BlackElo "2573"]
[PlyCount "62"]

1. f4 d5 2. Nf3 Nf6 3. g3 g6 4. Bg2 Bg7 5. O-O O-O 6. d3 b6 7. Nc3 Bb7 8. e4
dxe4 9. Ng5 Nbd7 10. dxe4 h6 11. Nh3 e5 12. Be3 Qe7 13. Nf2 Nc5 14. f5 Rad8 15.
Qc1 Kh7 16. g4 gxf5 17. gxf5 a5 18. Bf3 Rg8 19. Kh1 Bf8 20. Rg1 Rxg1+ 21. Qxg1
Bg7 22. Qg2 Rg8 23. Nh3 Bf8 24. Ng5+ hxg5 25. Qh3+ Bh6 26. Rg1 Qf8 27. Rxg5
Rxg5 28. Bxg5 Nfxe4 29. Nxe4 Nxe4 30. Be3 Qg7 31. Qh4 Ng3+ 0-1

[Event "Magistral Internacional a Ciegas 2009"]
[Site "Cordoba"]
[Date "2009.09.24"]
[Round "3.1"]
[White "Felgaer, Ruben"]
[Black "Lariño Nieto, David"]
[Result "1/2-1/2"]
[WhiteElo "2573"]
[BlackElo "2473"]
[PlyCount "82"]
[EventDate "2009.??.??"]

1. e4 e6 2. d4 d5 3. Nc3 Nf6 4. Bg5 Be7 5. e5 Nfd7 6. Bxe7 Qxe7 7. f4 a6 8. Nf3
c5 9. dxc5 Nc6 10. Bd3 Qxc5 11. Qd2 b5 12. a3 Nd4 13. Nxd4 Qxd4 14. Qf2 Qxf2+
15. Kxf2 Bb7 16. Ne2 g5 17. g3 f6 18. exf6 Nxf6 19. Rhe1 O-O 20. Kg1 Ng4 21. h3
Ne3 22. Nd4 gxf4 23. gxf4 Rxf4 24. Rxe3 Rxd4 25. Rxe6 Rh4 26. Rf1 d4 27. Re7
Bd5 28. Kh2 Kh8 29. Rf5 Rd8 30. Rg5 Bc4 31. Reg7 Bxd3 32. cxd3 Rh6 33. Ra7 Rf8
34. Rg4 Rd6 35. Kg3 Re8 36. Rf7 Rg6 37. Kf2 Rxg4 38. hxg4 Rc8 39. Kf3 Re8 40.
Kf2 Rc8 41. Kf3 Re8 1/2-1/2

[Event "Magistral Internacional a Ciegas 2009"]
[Site "Cordoba"]
[Date "2009.09.24"]
[Round "3.2"]
[White "Rodriguez Guerrero, Enrique"]
[Black "Rodriguez Vila, Andres"]
[Result "1-0"]
[WhiteElo "2468"]
[BlackElo "2527"]
[PlyCount "119"]
[EventDate "2009.??.??"]

1. e4 e6 2. d4 d5 3. Nc3 Bb4 4. e5 c5 5. Bd2 Nc6 6. Nb5 Bxd2+ 7. Qxd2 Nxd4 8.
Nxd4 cxd4 9. f4 Qb6 10. O-O-O Nh6 11. Nf3 Nf5 12. Nxd4 Nxd4 13. Qxd4 Qxd4 14.
Rxd4 Bd7 15. h4 Ke7 16. h5 f6 17. Rh3 Raf8 18. Bd3 fxe5 19. fxe5 Be8 20. Rg4
Rf7 21. Rhg3 Kf8 22. Kd2 Rc7 23. Rf4+ Rf7 24. Rh4 a6 25. a4 a5 26. Ke3 Ke7 27.
Rhg4 Kf8 28. Rh4 Rc7 29. b3 b6 30. Rf3+ Rf7 31. Rfh3 Ke7 32. Rh1 Kd8 33. Rf4
Rxf4 34. Kxf4 Rf8+ 35. Ke3 Kc7 36. h6 g6 37. Rf1 Rxf1 38. Bxf1 Kd8 39. Kd4 Kc7
40. Bd3 Kb7 41. c3 Kc7 42. Bc2 Kb7 43. g4 Kc7 44. b4 axb4 45. cxb4 Kb7 46. Bb1
Kc7 47. Bd3 Kb7 48. a5 Ka7 49. Ke3 Kb7 50. Kf4 bxa5 51. bxa5 Kc6 52. Kg5 Kc5
53. a6 d4 54. a7 Bc6 55. Bxg6 hxg6 56. h7 d3 57. h8=Q d2 58. Qf8+ Kc4 59. Qf1+
Kc3 60. Qd1 1-0

[Event "Magistral Internacional a Ciegas 2009"]
[Site "Cordoba"]
[Date "2009.09.24"]
[Round "3.3"]
[White "Soppe, Guillermo"]
[Black "Zambrana, Oswaldo"]
[Result "0-1"]
[WhiteElo "2434"]
[BlackElo "2481"]
[PlyCount "68"]

1. d4 d5 2. Bf4 Nf6 3. e3 e6 4. Nd2 c5 5. c3 Nc6 6. Ngf3 Bd6 7. Bg3 O-O 8. Bd3
h6 9. Ne5 Bxe5 10. dxe5 Nd7 11. Qh5 Qc7 12. Nf3 f5 13. exf6 Nxf6 14. Bxc7 Nxh5
15. Bd6 Re8 16. Bxc5 Nf6 17. Bg6 Rd8 18. Bd4 Bd7 19. O-O Be8 20. Bxe8 Rxe8 21.
Bxf6 gxf6 22. Rad1 Kf7 23. Rfe1 Red8 24. Kf1 a5 25. e4 dxe4 26. Rxd8 Rxd8 27.
Rxe4 Rd1+ 28. Re1 Rd5 29. Ke2 a4 30. b3 axb3 31. axb3 Ra5 32. Rd1 Ke7 33. Nh4
Ra3 34. Nf5+ exf5 0-1

[Event "Magistral Internacional a Ciegas 2009"]
[Site "Cordoba"]
[Date "2009.09.24"]
[Round "4.1"]
[White "Lariño Nieto, David"]
[Black "Rodriguez Guerrero, Enrique"]
[Result "1-0"]
[WhiteElo "2473"]
[BlackElo "2468"]
[PlyCount "111"]
[EventDate "2009.??.??"]

1. e4 c5 2. Nc3 Nc6 3. g3 g6 4. Bg2 Bg7 5. d3 d6 6. f4 e6 7. Nf3 Nge7 8. O-O
O-O 9. Be3 Nd4 10. Bf2 Rb8 11. Nxd4 cxd4 12. Ne2 Nc6 13. c3 dxc3 14. bxc3 Qa5
15. Qb3 Qa6 16. Rad1 Na5 17. Qc2 Bd7 18. Bd4 f6 19. f5 Nc6 20. Be3 exf5 21.
exf5 Bxf5 22. Rxf5 gxf5 23. Bd5+ Kh8 24. Nf4 Qa5 25. Ng6+ hxg6 26. Qg2 Bh6 27.
Bxh6 Ne7 28. Be6 Qe5 29. Bb3 d5 30. d4 Qe6 31. Bxf8 Rxf8 32. Qd2 Kg7 33. Re1
Qd6 34. Qe2 Nc8 35. c4 dxc4 36. Qxc4 Nb6 37. Qc5 Qxc5 38. dxc5 Nc8 39. Bd5 b6
40. c6 Rd8 41. Be6 Re8 42. Kf1 Kf8 43. c7 Re7 44. Bxc8 Rxc7 45. Ba6 Kf7 46. Bb5
g5 47. h4 Kg6 48. Be8+ Kg7 49. h5 a6 50. Bg6 b5 51. Bxf5 a5 52. g4 b4 53. Rd1
a4 54. Rd7+ Rxd7 55. Bxd7 b3 56. a3 1-0

[Event "Magistral Internacional a Ciegas 2009"]
[Site "Cordoba"]
[Date "2009.09.24"]
[Round "4.2"]
[White "Lopez, Jose Luis"]
[Black "Felgaer, Ruben"]
[Result "0-1"]
[WhiteElo "1763"]
[BlackElo "2573"]
[PlyCount "40"]
[EventDate "2009.??.??"]

1. e4 c5 2. Nf3 Nc6 3. d4 cxd4 4. Nxd4 g6 5. Nc3 Bg7 6. Be3 Nf6 7. f3 O-O 8.
Qd2 d5 9. exd5 Nxd5 10. Nxc6 bxc6 11. Nxd5 cxd5 12. O-O-O Qc7 13. Kb1 Rb8 14.
Bd4 e5 15. Bc3 Bf5 16. Bd3 e4 17. Bb4 exd3 18. cxd3 Bxd3+ 19. Qxd3 Rxb4 20. b3
Qe5 0-1

[Event "Magistral Internacional a Ciegas 2009"]
[Site "Cordoba"]
[Date "2009.09.24"]
[Round "4.3"]
[White "Rodriguez Vila, Andres"]
[Black "Soppe, Guillermo"]
[Result "0-1"]
[WhiteElo "2527"]
[BlackElo "2434"]
[PlyCount "78"]
[EventDate "2009.??.??"]

1. d4 d5 2. Nf3 Nf6 3. b3 Bf5 4. e3 e6 5. Be2 c5 6. O-O Nc6 7. Nh4 Bg6 8. Nxg6
hxg6 9. Ba3 Bd6 10. Bxc5 Bxh2+ 11. Kh1 Ne4 12. Bg4 Bg3+ 13. Bh3 Bxf2 14. Nd2
Ng3+ 15. Kh2 Nxf1+ 16. Nxf1 Bh4 17. c4 Be7 18. Bxe7 Qxe7 19. cxd5 exd5 20. Kg1
f5 21. Rc1 Qg5 22. Qf3 Nxd4 23. exd4 Qxc1 24. Qxd5 Qc6 25. Qe5+ Kf7 26. Ng3
Rae8 27. Qf4 Rxh3 28. gxh3 Qc2 29. Qd6 Re1+ 30. Nf1 Qe4 31. Qc7+ Kg8 32. Qc4+
Kh7 33. Kf2 Rd1 34. d5 Rxd5 35. Qxe4 fxe4 36. Ke3 Ra5 37. a4 b5 38. axb5 Rxb5
39. Nd2 Rb4 0-1

[Event "Magistral Internacional a Ciegas 2009"]
[Site "Cordoba"]
[Date "2009.09.25"]
[Round "5.1"]
[White "Rodriguez Guerrero, Enrique"]
[Black "Lopez, Jose Luis"]
[Result "1-0"]
[WhiteElo "2468"]
[BlackElo "1763"]
[PlyCount "37"]
[EventDate "2009.??.??"]

1. e4 d5 2. exd5 Qxd5 3. Nc3 Qa5 4. Bc4 Nf6 5. d3 Bg4 6. f3 Bh5 7. Bd2 c6 8.
Qe2 e6 9. g4 Bg6 10. f4 Be7 11. f5 exf5 12. Nd5 Qd8 13. Nxf6+ gxf6 14. O-O-O
O-O 15. h4 b5 16. Bb3 a5 17. h5 a4 18. hxg6 axb3 19. Qh2 1-0

[Event "Magistral Internacional a Ciegas 2009"]
[Site "Cordoba"]
[Date "2009.09.25"]
[Round "5.2"]
[White "Soppe, Guillermo"]
[Black "Lariño Nieto, David"]
[Result "1/2-1/2"]
[WhiteElo "2434"]
[BlackElo "2473"]
[PlyCount "54"]
[EventDate "2009.??.??"]

1. d4 e6 2. Nf3 d5 3. c4 c5 4. cxd5 exd5 5. Nc3 Nc6 6. Bg5 Be7 7. Bxe7 Ngxe7 8.
e3 O-O 9. dxc5 Qa5 10. Be2 Qxc5 11. O-O Rd8 12. Nd4 Ne5 13. Rc1 Qb6 14. Qb3 Qg6
15. Rfd1 Rd6 16. Nf3 Bh3 17. g3 Nxf3+ 18. Bxf3 Qf5 19. Bh1 Rad8 20. e4 dxe4 21.
Rxd6 Rxd6 22. Bxe4 Qg5 23. Rd1 Rxd1+ 24. Qxd1 Nc6 25. Bg2 Bxg2 26. Kxg2 Qf5 27.
Qd5 Qxd5+ 1/2-1/2

[Event "Magistral Internacional a Ciegas 2009"]
[Site "Cordoba"]
[Date "2009.09.25"]
[Round "5.3"]
[White "Zambrana, Oswaldo"]
[Black "Rodriguez Vila, Andres"]
[Result "1/2-1/2"]
[WhiteElo "2481"]
[BlackElo "2527"]
[PlyCount "67"]
[EventDate "2009.??.??"]

1. e4 e5 2. Nf3 Nc6 3. Bc4 Be7 4. O-O Nf6 5. d3 O-O 6. Re1 d6 7. a4 Na5 8. Ba2
c5 9. Nc3 Nc6 10. Bg5 Be6 11. Bxf6 Bxf6 12. Nd5 Ne7 13. Nxe7+ Qxe7 14. c3 Bxa2
15. Rxa2 Qe6 16. Ra3 Rfe8 17. Qb3 b6 18. Rea1 Rab8 19. Qc4 Red8 20. Qd5 Qxd5
21. exd5 a6 22. Rb3 Rd7 23. Nd2 Bd8 24. Rba3 g6 25. b4 cxb4 26. cxb4 Rc8 27. g3
f5 28. R1a2 Rc1+ 29. Kg2 Kf8 30. Rb3 b5 31. axb5 axb5 32. Ra8 Ke7 33. Rb2 Rdc7
34. Nb3 1/2-1/2

[Event "Magistral Internacional a Ciegas 2009"]
[Site "Cordoba"]
[Date "2009.09.25"]
[Round "6.1"]
[White "Lariño Nieto, David"]
[Black "Zambrana, Oswaldo"]
[Result "1-0"]
[WhiteElo "2473"]
[BlackElo "2481"]
[PlyCount "63"]
[EventDate "2009.??.??"]

1. e4 c5 2. Nc3 Nc6 3. g3 g6 4. Bg2 Bg7 5. d3 e6 6. Be3 d6 7. f4 Nge7 8. Nf3
Nb4 9. O-O O-O 10. Bd2 Nec6 11. e5 dxe5 12. Nxe5 Nxe5 13. fxe5 Bxe5 14. Ne4 Nc6
15. c3 b6 16. Bh6 Bb7 17. Bxf8 Qxf8 18. Ng5 f5 19. Nxe6 Qd6 20. Ng5 Kg7 21. Qb3
Qf6 22. Qe6 Qxe6 23. Nxe6+ Kf6 24. Nf4 Rc8 25. Rad1 Ba6 26. Rfe1 Ne7 27. d4
cxd4 28. cxd4 Bb8 29. d5 Rd8 30. d6 Nc8 31. d7 Ne7 32. Ne6 1-0

[Event "Magistral Internacional a Ciegas 2009"]
[Site "Cordoba"]
[Date "2009.09.25"]
[Round "6.2"]
[White "Lopez, Jose Luis"]
[Black "Soppe, Guillermo"]
[Result "1/2-1/2"]
[WhiteElo "1763"]
[BlackElo "2434"]
[PlyCount "38"]
[EventDate "2009.??.??"]

1. e4 c6 2. d4 d5 3. Nd2 dxe4 4. Nxe4 Nf6 5. Nxf6+ exf6 6. Nf3 Bd6 7. Bc4 O-O
8. O-O Bg4 9. h3 Bh5 10. Re1 Nd7 11. Bd2 Qc7 12. Be2 Rfe8 13. Nh4 Bxe2 14. Rxe2
g6 15. Qe1 Rxe2 16. Qxe2 Qb6 17. Bc3 Qd8 18. Re1 Nb6 19. Ba5 Bf8 1/2-1/2

[Event "Magistral Internacional a Ciegas 2009"]
[Site "Cordoba"]
[Date "2009.09.25"]
[Round "6.3"]
[White "Felgaer, Ruben"]
[Black "Rodriguez Guerrero, Enrique"]
[Result "1-0"]
[WhiteElo "2573"]
[BlackElo "2468"]
[PlyCount "67"]
[EventDate "2009.??.??"]

1. e4 c5 2. Nf3 e6 3. d4 cxd4 4. Nxd4 Nc6 5. Nc3 Qc7 6. g3 a6 7. Bg2 Nf6 8. Nb3
Be7 9. O-O O-O 10. a4 b6 11. Nd5 exd5 12. exd5 Bb7 13. dxc6 Bxc6 14. Bf4 Qb7
15. Bxc6 dxc6 16. Qf3 Nd5 17. Bd2 Bf6 18. c4 Nc7 19. Bc3 Bxc3 20. bxc3 Ne6 21.
Nd4 Nc5 22. Qxc6 Rfc8 23. Qd5 Qc7 24. Rfb1 g6 25. Ra2 Rab8 26. h4 h5 27. Raa1
Nb7 28. Rb4 Na5 29. Re1 Nxc4 30. Rxc4 Qxc4 31. Re8+ Kh7 32. Qxc4 Rxc4 33. Rxb8
Rxa4 34. Rxb6 1-0

[Event "Magistral Internacional a Ciegas 2009"]
[Site "Cordoba"]
[Date "2009.09.26"]
[Round "7.1"]
[White "Soppe, Guillermo"]
[Black "Felgaer, Ruben"]
[Result "0-1"]
[WhiteElo "2434"]
[BlackElo "2573"]
[PlyCount "132"]
[EventDate "2009.??.??"]

1. d4 d5 2. Bf4 c6 3. c3 Nf6 4. Nf3 g6 5. e3 Bg7 6. h3 O-O 7. Bd3 Re8 8. Nbd2
Nbd7 9. O-O Nh5 10. Bh2 e5 11. Nxe5 Nxe5 12. Bxe5 Bxe5 13. dxe5 Rxe5 14. Nf3
Re8 15. c4 Be6 16. Nd4 Qf6 17. Be2 Ng7 18. Qb3 dxc4 19. Bxc4 Bxc4 20. Qxc4 Rad8
21. b4 Re5 22. a4 Nf5 23. Nxf5 Rxf5 24. Ra2 a6 25. Rc2 Rfd5 26. Qe4 h5 27. h4
Re5 28. Qc4 Qe7 29. g3 Re4 30. Qc5 Qxc5 31. bxc5 Rxa4 32. Rb1 Rd7 33. Rbb2 Ra5
34. Rb4 Kf8 35. Kg2 Rb5 36. Rbc4 a5 37. Kf3 Rd5 38. e4 Rd3+ 39. Kf4 Ke7 40. Kg5
Rf3 41. g4 hxg4 42. Kxg4 Rfb3 43. f3 Re3 44. R4c3 Rxc3 45. Rxc3 a4 46. Ra3 Ra5
47. Kf4 Ke6 48. Ke3 Rxc5 49. Rxa4 Rc3+ 50. Kf4 b5 51. Ra8 b4 52. Re8+ Kd7 53.
Rf8 Ke7 54. Rb8 b3 55. e5 c5 56. Rb7+ Kf8 57. Rb8+ Kg7 58. e6 fxe6 59. Kg5 Rxf3
60. Rb7+ Rf7 61. Rxb3 c4 62. Rb6 Rf5+ 63. Kg4 Rc5 64. Rxe6 c3 65. Re1 c2 66.
Rc1 Kh6 0-1

[Event "Magistral Internacional a Ciegas 2009"]
[Site "Cordoba"]
[Date "2009.09.26"]
[Round "7.2"]
[White "Zambrana, Oswaldo"]
[Black "Lopez, Jose Luis"]
[Result "1/2-1/2"]
[WhiteElo "2481"]
[BlackElo "1763"]
[PlyCount "47"]
[EventDate "2009.??.??"]

1. e4 d5 2. exd5 Qxd5 3. Nc3 Qa5 4. d4 Nf6 5. Nf3 c6 6. Bc4 Bf5 7. Bd2 e6 8.
Nd5 Qd8 9. Nxf6+ gxf6 10. Bb3 Nd7 11. Qe2 Qc7 12. O-O-O O-O-O 13. Nh4 Bg6 14.
f4 f5 15. g3 Bg7 16. Be3 Nf6 17. Ng2 Bh5 18. Qc4 Bxd1 19. Rxd1 Nd5 20. Bg1 Rhe8
21. Qe2 f6 22. Qh5 Bf8 23. c4 Nb6 24. Ne3 1/2-1/2

[Event "Magistral Internacional a Ciegas 2009"]
[Site "Cordoba"]
[Date "2009.09.26"]
[Round "7.3"]
[White "Rodriguez Vila, Andres"]
[Black "Lariño Nieto, David"]
[Result "1-0"]
[WhiteElo "2527"]
[BlackElo "2473"]
[PlyCount "133"]
[EventDate "2009.??.??"]

1. e4 d5 2. exd5 Qxd5 3. Nc3 Qa5 4. Bc4 Nf6 5. d3 c6 6. Nf3 Bg4 7. h3 Qh5 8.
Rg1 Bxf3 9. Qxf3 Qxf3 10. gxf3 e6 11. Ne4 Nbd7 12. Bf4 Nd5 13. Nd6+ Ke7 14. Bh2
b6 15. O-O-O g6 16. Kb1 Bh6 17. Ne4 Nf4 18. h4 Ne5 19. Ng5 Bxg5 20. hxg5 Nxc4
21. Bxf4 Nd6 22. Be5 Nf5 23. Bf6+ Kd6 24. Bxh8 Rxh8 25. Rh1 Ke5 26. Rh3 Ng7 27.
Rh4 Nh5 28. Rg1 Rd8 29. Re4+ Kf5 30. d4 b5 31. Rgg4 Rd5 32. c3 f6 33. gxf6 Kxf6
34. Rh4 Rf5 35. f4 Kf7 36. Kc2 Rd5 37. Re5 Rd7 38. Rc5 Rd6 39. a4 a6 40. b3 Nf6
41. Kd3 h5 42. Rg5 Nd5 43. axb5 axb5 44. Rg1 Kf6 45. Re1 Ne7 46. Ke4 Nf5 47.
Rh3 Rd5 48. Rd3 Nd6+ 49. Kf3 Nf5 50. Re5 Rd8 51. Rc5 Ne7 52. Re3 Rd6 53. Re1
Nf5 54. b4 Ne7 55. Ra1 Rd7 56. Ra6 Rc7 57. c4 Rb7 58. cxb5 cxb5 59. d5 Rd7 60.
Rxe6+ Kf7 61. Re5 Nf5 62. Kg2 Nh4+ 63. Kh3 Nf3 64. Re3 Nd4 65. Rd3 Ne2 66. Kh4
Kf6 67. d6 1-0